Les deux premières lettres des pays - Mort subite - Statistiques

Statistiques générales
  • Ce quiz a été pris 548 fois
  • Le résultat moyen est 12 sur 25
Answers on the Grid
Answers color-coded by a green-red scale on the quiz's grid according to % correct below.
AF
BA
CA
CO
EG
GA
GR
IR
KI
LI
MA
NA
PA
RW
SA
SL
SY
TU
VE
ZI
QA
AS
BL
CY
DI
EN
GO
HU
IE
LO
MU
OR
PI
RA
SD
TE
UD
VO
ZE
FA
CE
PU
YE
RO
LE
GU
OD
QU
RI
US
 
Statistiques - réponses
Réponse % Correct
IR
59%
MA
59%
RW
59%
YE
59%
AF
58%
TU
58%
PA
55%
QA
55%
RO
55%
SL
55%
LI
53%
VE
52%
CA
51%
GU
51%
CO
49%
KI
49%
SY
48%
GR
47%
ZI
46%
LE
45%
BA
42%
GA
41%
NA
39%
SA
31%
EG
29%
Aucun quiz correspondant
Distribution des résultats
% des personnes avec chaque résultat
Percentile par nombre de réponses
Votre historique - résultats
Vous n’avez pas pris ce quiz